|
LDR
| 01225nam a2200373 i 4500 |
|---|
| 001 | 55550 |
|---|
| 003 | CZ-PrJAB |
|---|
| 005 | 20181126134742.0 |
|---|
| 008 | 160531s1988 pl a e 000 0 ger d |
|---|
| 020 | | . |
‡a83-223-2229-1
‡q(vázáno) |
|---|
| 035 | | . |
‡a(CZ PrSKC)990022134750106986 |
|---|
| 040 | | . |
‡aABE323
‡bcze
‡dABD103
‡erda |
|---|
| 041 | 1 | . |
‡ager
‡hpol |
|---|
| 072 | | 7. |
‡a641
‡xKuchařství. Potraviny. Vařená jídla
‡2Konspekt
‡919 |
|---|
| 080 | | . |
‡a641.568(=411.16)
‡2MRF |
|---|
| 080 | | . |
‡a(083.12)
‡2MRF |
|---|
| 080 | | . |
‡a(438)
‡2MRF |
|---|
| 100 | 1 | . |
‡aWirkowski, Eugeniusz
‡7xx0182894
‡4aut |
|---|
| 240 | 1 | 0. |
‡aKuchnia żydów polskich.
‡lNěmecky |
|---|
| 245 | 1 | 0. |
‡aKüche der polnischen Juden /
‡cEugeniusz Wirkowski |
|---|
| 264 | | 1. |
‡aWarszawa :
‡bVerlag Interpress,
‡c[1988] |
|---|
| 264 | | 4. |
‡c©1988 |
|---|
| 300 | | . |
‡a110 stran :
‡bfotografie ;
‡c24 cm |
|---|
| 336 | | . |
‡atext
‡btxt
‡2rdacontent |
|---|
| 337 | | . |
‡abez média
‡bn
‡2rdamedia |
|---|
| 338 | | . |
‡asvazek
‡bnc
‡2rdacarrier |
|---|
| 650 | 0 | 7. |
‡ažidovská jídla
‡7ph127989
‡2czenas |
|---|
| 650 | 0 | 7. |
‡akuchařské recepty
‡7ph939289
‡2czenas |
|---|
| 651 | | 7. |
‡aPolsko
‡7ge130478
‡2czenas |
|---|
| 655 | | 7. |
‡akuchařské recepty
‡7fd132687
‡2czenas |
|---|
| 910 | | . |
‡aABE461
‡bJ 487 |
|---|
| 995 | | . |
‡aska |
|---|
| 901 | | . |
‡a55550
‡bAUTOGEN
‡c55550
‡tbiblio |
|---|